| 000 | 01105cam a2200265 i 4500 | ||
|---|---|---|---|
| 003 | SA-RiAUC | ||
| 005 | 20251117133604.0 | ||
| 008 | 250810s1967 le g 00000 ara c | ||
| 040 |
_aSA-RiKSU _bara _cSA-RiAUC _erda |
||
| 082 | 0 | 4 |
_a212 _qSA-RiAUC |
| 090 |
_a212 _bا خ و |
||
| 110 | 2 |
_aإخوان الصفا _eمؤلف. |
|
| 245 | 1 | 0 |
_aآداب المتعلمين ورسائل أخرى في التربية الإسلامية / _cتأليف إخوان الصفا ؛ تحقيق أحمد عبد الغفور عطار. |
| 250 | _aالطبعة الثانية. | ||
| 264 | 1 |
_aبيروت : _b[الناشر غير محدد]، _c1967 |
|
| 300 |
_a334 صفحة ؛ _c24 سم |
||
| 336 |
_aنص _btxt _2rdacontent _3كتاب |
||
| 337 |
_aبدون وسيط _bn _2rdamedia |
||
| 338 |
_aمجلد _bnc _2rdacarrier |
||
| 650 | 7 |
_aالتربية الإسلامية _2aucsh |
|
| 650 | 7 |
_aآداب طالب العلم _2aucsh |
|
| 700 | 1 |
_aعطار، أحمد بن عبد الغفور بن محمد نور، _d1337-1411 هجري _eمحقق. |
|
| 942 |
_2ddc _cBOOK _n0 |
||
| 949 |
_aSA-JeALM _d250810 _umohamedma123 _n1 |
||
| 999 |
_c13319 _d13319 |
||